Asia Pacific industrial market overview (Record no. 107310)

MARC details
000 -LEADER
fixed length control field 01274cad a22002295a 4500
001 - CONTROL NUMBER
control field L139520
008 - FIXED-LENGTH DATA ELEMENTS--GENERAL INFORMATION
fixed length control field 070730s2007 si d f s 000 0 eng d
035 ## - SYSTEM CONTROL NUMBER
System control number (Sirsi) u139520
041 0# - LANGUAGE CODE
Language code of text/sound track or separate title eng
050 04 - LIBRARY OF CONGRESS CALL NUMBER
Classification number 333.336 $2 18
110 2# - MAIN ENTRY--CORPORATE NAME
Corporate name or jurisdiction name as entry element Colliers International Property Consultants
9 (RLIN) 1881
245 00 - TITLE STATEMENT
Title Asia Pacific industrial market overview
Medium [electronic resource]
260 ## - PUBLICATION, DISTRIBUTION, ETC.
Place of publication, distribution, etc. Singapore
Name of publisher, distributor, etc. Colliers
Date of publication, distribution, etc. 2007
490 #0 - SERIES STATEMENT
Series statement Colliers Asia Pacific Industrial Market Overview
Volume/sequential designation May 2007
520 ## - SUMMARY, ETC.
Summary, etc. Provides an overview of the industrial markets of 13 cities in eight countries (Australia, China, Hong Kong SAR, India, Indonesia, Japan, New Zealand and Singapore) for the review period of October 2006 to March 2007. Also provides a comparison of industrial real estate costs. Reveals that the demand in industrial property markets across Asia Pacific continued to strengthen, boosted by the growth of the logistics and distribution, and research and development sectors.
590 ## - LOCAL NOTE (RLIN)
Local note KA
650 24 - SUBJECT ADDED ENTRY--TOPICAL TERM
Topical term or geographic name entry element COLLIERS ASIA PACIFIC INDUSTRIAL MARKET OVERVIEW
651 #4 - SUBJECT ADDED ENTRY--GEOGRAPHIC NAME
Geographic name International
690 ## - LOCAL SUBJECT ADDED ENTRY--TOPICAL TERM (OCLC, RLIN)
Topical term or geographic name as entry element PROPERTY-COMMERCIAL PROPERTY-COMMERCIAL PROPERTY MARKET
856 40 - ELECTRONIC LOCATION AND ACCESS
Uniform Resource Identifier <a href="https://www.colliers.com">https://www.colliers.com</a>
Public note View the market overview free of charge at www.colliers.com...
942 ## - ADDED ENTRY ELEMENTS (KOHA)
Suppress in OPAC 0
Holdings
Withdrawn status Lost status Source of classification or shelving scheme Damaged status Not for loan Home library Current library Shelving location Date acquired Total Checkouts Full call number Barcode Date last seen Copy number Price effective from Koha item type
    Dewey Decimal Classification     Virtual Virtual Online 30/07/2007   ONLINE PUBLICATION 139520-2001 06/08/2019 1 06/08/2019 Book